Содержание радиоактивных элементов в биологическом материале мелкихмлекопитающих в зоне техногенеза; Радиоактивность и радиоактивные элементы в среде обитания человека

Detaylı Bibliyografya
Parent link:Радиоактивность и радиоактивные элементы в среде обитания человека.— 2016.— [С. 120-123]
Yazar: Беляновская А. И. Александра Игоревна
Müşterek Yazar: Национальный исследовательский Томский политехнический университет (ТПУ)
Özet:Заглавие с экрана
В данной статье рассматриваются особенности содержания химических элементов урана (U), и тория (Th), изученные методом инструментального нейтронно-активационного анализа, в пробах эмбриона, плаценты и печени мелкого млекопитающего вида Полевка рыжая (Myodes glareolus), отобранных около крупного медеплавильного завода (г. Ревда, Свердловская область).
As the title implies the article describes a specific of content of chemical elements uranium (U), and thorium (Th), studied with Instrumental neutron-activation analysis in samples of embryo, placenta and liver of small mammal species Vole red (Myodes glareolus), sampled near large copper-smelting plant (Revda, Sverdlovsk region).
Dil:Rusça
Baskı/Yayın Bilgisi: 2016
Konular:
Online Erişim:http://earchive.tpu.ru/handle/11683/32549
Materyal Türü: MixedMaterials Elektronik Kitap Bölümü
KOHA link:https://koha.lib.tpu.ru/cgi-bin/koha/opac-detail.pl?biblionumber=620466

MARC

LEADER 00000naa2a2200000 4500
001 620466
005 20231101133119.0
035 |a (RuTPU)RU\TPU\conf\18952 
035 |a RU\TPU\conf\18950 
090 |a 620466 
100 |a 20160927d2016 k y0rusy50 ca 
101 0 |a rus 
102 |a RU 
105 |a y z 101zy 
135 |a drgn ---uucaa 
181 0 |a i  
182 0 |a b 
200 1 |a Содержание радиоактивных элементов в биологическом материале мелкихмлекопитающих в зоне техногенеза  |d Content of radioactive elements of the small mammal biological material in the anthropogenic impact zones and background areas  |f А. И. Беляновская 
203 |a Текст  |c электронный 
230 |a 1 компьютерный файл (pdf; 290 Kb) 
300 |a Заглавие с экрана 
320 |a [Библиогр.: с. 123 (4 назв.)] 
330 |a В данной статье рассматриваются особенности содержания химических элементов урана (U), и тория (Th), изученные методом инструментального нейтронно-активационного анализа, в пробах эмбриона, плаценты и печени мелкого млекопитающего вида Полевка рыжая (Myodes glareolus), отобранных около крупного медеплавильного завода (г. Ревда, Свердловская область). 
330 |a As the title implies the article describes a specific of content of chemical elements uranium (U), and thorium (Th), studied with Instrumental neutron-activation analysis in samples of embryo, placenta and liver of small mammal species Vole red (Myodes glareolus), sampled near large copper-smelting plant (Revda, Sverdlovsk region). 
463 0 |0 (RuTPU)RU\TPU\conf\18922  |t Радиоактивность и радиоактивные элементы в среде обитания человека  |o материалы V Международной конференции, 13-16 сентября 2016 г., г. Томск  |f Национальный исследовательский Томский политехнический университет (ТПУ) и др.] ;; под ред. Л. П. Рихванова [и др.]  |v [С. 120-123]  |d 2016 
510 1 |a Content of radioactive elements of the small mammal biological material in the anthropogenic impact zones and background areas  |z eng 
610 1 |a труды учёных ТПУ 
610 1 |a электронный ресурс 
610 1 |a нейтронно-активационный анализ 
610 1 |a млекопитающие 
610 1 |a химические элементы 
610 1 |a мутагены 
610 1 |a печень 
700 1 |a Беляновская  |b А. И.  |c специалист в области природопользования  |c инженер Томского политехнического университета  |f 1993-  |g Александра Игоревна  |2 stltpush  |3 (RuTPU)RU\TPU\pers\44638 
712 0 2 |a Национальный исследовательский Томский политехнический университет (ТПУ)  |c (2009- )  |2 stltpush  |3 (RuTPU)RU\TPU\col\15902 
801 2 |a RU  |b 63413507  |c 20200820  |g RCR 
856 4 |u http://earchive.tpu.ru/handle/11683/32549 
942 |c BK